| 000 | 00667nam a22001937a 4500 | ||
|---|---|---|---|
| 003 | OSt | ||
| 005 | 20260424025222.0 | ||
| 008 | 260424b |||||||| |||| 00| 0 eng d | ||
| 020 | _a9789710635535 | ||
| 040 |
_aDWCL Main Lib. _cOC |
||
| 082 | _aFil. 500 Y67 2014 | ||
| 100 | _aReligioso, Teresita F. | ||
| 245 |
_aYou and the natural world science : _bactivity manual 9 / _cTeresita F. Religioso [and three others] |
||
| 260 |
_aQuezon City : _bPhoenix Publishing House, _cc2014. |
||
| 300 |
_axvii, 142 pages : _billustrations ; _c28 cm. |
||
| 504 | _aIncludes bibliographical references. | ||
| 650 | _a1. Science--Study and teaching. | ||
| 942 |
_2ddc _cBK - FIL _n0 |
||
| 999 |
_c9832 _d9832 |
||